heidelberger stadtteile - Statistiken

Allgemein
  • Dieses Quiz wurde 277 mal gespielt
  • Das Durchschnittsergebnis liegt bei 10 aus 15
Antwortstatistiken
Hint Antwort % Korrekt
. altstadt
91%
. rohrbach
82%
. weststadt
81%
. kirchheim
78%
. südstadt
73%
. wieblingen
73%
. ziegelhausen
72%
. bahnstadt
67%
. boxberg
65%
. emmertsgrund
65%
. bergheim
64%
. pfaffengrund
61%
. handschusheim
58%
. neunheim
58%
. Schlierbach
58%
Keine übereinstimmenden Quizze gefunden
Verteilung der Resultate
Anzahl Personen mit jedem Resultat
Perzentil nach korrekt beantworteten Fragen
Ihre Resultats-Entwicklung
Sie haben dieses Quiz noch nicht gespielt